01002 a2200193 4500003000500000005001700005010001600022020001500038040000900053082001800062100001700080245007700097260004700174300003300221440007700254505041200331650003500743700003000778Nust20230831085311.0 a 83010507 c0442208731 cNust a621.38153,ALL1 aAllen, P. E.10aSwitched capacitor circuits /cPhillip E. Allen, Edgar Sanchez-Sinencio. aNew York :bVan Nostrand Reinhold,cc1984. axv, 759 p. :bill. ;c24 cm. 0aVan Nostrand Reinhold electrical/computer science and engineering series aAnalog Sampled Data Concept (Page-1), Implementation of Basic Signal Processing Operations (Page-39), Introduction to Switched Capacitor Filters (Page-131), Switched Capacitor LC Ladder Simulation (Page-224), Switched Capacitor Z-domain Filters (Page-348), Application of Switched Capacitor Circuits (Page-425), MOS Analog Digital Converters (Page-504), MOS Technology and Analog Circuits Design (Page-559). 0aTelecommunication Engineering.2 aSā”®chez-Sinencio, Edgar.